00373nam a2200145Ia 4500008004100000020001800041041000800059082001300067100001900080245005800099250001200157300000800169365001600177700003400193230718s9999 xx 000 0 und d a9780070648142 aeng a621bALC aAlciatore D.G. aIntroduction To Mechatronics And Measurement Systems  a3rd ed. a509 cRs.b650.00 aAlciatore D.G. & Histand M.B.